Health technology management : (رقم التسجيلة. 77269)

تفاصيل مارك
000 -الفاتح
حقل البيانات ثابتة الطول 02561cam a2200409 i 4500
001 - رقم الضبط
رقم الضبط 19160038
003 - محدد رقم الضبط
رقم الضبط OSt
005 - وقت وتاريخ اخر تعامل مع التسجيلة
رقم الضبط 20190822100252.0
008 - عناصر البيانات ثابتة الطول - معلومات عامة
حقل البيانات ثابتة الطول 160608t20172017flua b 001 0 eng c
010 ## - رقم ضبط مكتبة الكونجرس
رقم ضبط مكتبة الكونجرس 2016025952
020 ## - الرقم الدولى المعيارى للكتب
الرقم الدولى المعيارى للكتاب 9781498703543
Qualifying information (hardback ;
-- alk. paper)
020 ## - الرقم الدولى المعيارى للكتب
الرقم الدولى المعيارى للكتاب 1498703542
Qualifying information (hardback ;
-- alk. paper)
020 ## - الرقم الدولى المعيارى للكتب
الرقم الدولى المعيارى للكتاب الملغى /الخاطئ 9781498703550
Qualifying information (e-book)
020 ## - الرقم الدولى المعيارى للكتب
الرقم الدولى المعيارى للكتاب الملغى /الخاطئ 1498703550
Qualifying information (e-book)
040 ## - مصدر الفهرسة
وكالة الفهرسة الأصلية OU/DLC
لغة الفهرسة eng
وكالة النسخ OU
قواعد الوصف rda
وكالة التعديل DLC
042 ## - رمز التحقق
رمز التحقق pcc
050 00 - رقم طلب مكتبة الكونجرس
رقم التصنيف R855.3
رقم المادة .H44 2017
082 00 - رقم تصنيف ديوى العشرى
رقم التصنيف 610.284
رقم الطبعة 23
رقم المادة HFH
100 1# - المدخل الرئيسى - إسم شخصى
الإسم الشخصى Hegarty, Francis,
الدور author.
9 (RLIN) 74875
245 10 - بيان العنوان
العنوان Health technology management :
بقية العنوان a systematic approach /
بيان المسئوليه,etc Francis Hegarty, John Amoore, Paul Blackett, Justin McCarthy, Richard Scott.
264 #1 - النشر, التوزيع, ETC. (IMPRINT)
مكان الناشر او الموزع Boca Raton :
اسم الناشر او الموزع CRC Press, Taylor & Francis Group,
تاريخ النشر أو التوزيع [2017]
264 #4 - النشر, التوزيع, ETC. (IMPRINT)
تاريخ النشر أو التوزيع ©2017
300 ## - الوصف المادى
التعداد xxvi, 543 pages :
تفاصيل ماديه اخرى للوعاء llustrations ;
أبعاد الوعاء 26 cm
504 ## - تبصرة ببليوجرافية
تبصرة ببليوجرافية,الخ Includes bibliographical references and index.
505 0# - تبصرة محتويات-الفهرس
تبصرة المحتويات المصاغة Clinical engineering in the healthcare system -- Taking a systems engineering approach -- Key standards, regulations and guidelines -- Life cycle management of medical equipment -- The Healthcare Technology Management System--Strategic -- Developing equipment support plans in the context of the HTM Programme -- The extended role of clinical engineers--Advancing healthcare -- The Clinical Engineering Department--achieving the vision -- Medical device governance -- Health technology management (HTM) adding value.
520 ## - التبصرة الخاصة بالتعليق أو التلخيص
ملخص,الخ "This book offers a comprehensive approach for providing cost effective healthcare technology management (HTM) at the lowest risk. The authors propose a management model based on two interlocking quality cycles which, when fully implemented, delivers a comprehensive and transparent model for implementing an HTM program throughout an institution. The book shows how to cost effectively manage the resources of medical equipment through its full lifecycle, from acquisition through operational use, to disposal, supporting better healthcare at lower costs"--
650 #0 - المدخل الاضافى بالموضوع-مصطلح موضوعى
مصطلح موضوعي أو اسم جغرافي كعنصر مدخل Medical instruments and apparatus.
9 (RLIN) 74876
650 #0 - المدخل الاضافى بالموضوع-مصطلح موضوعى
مصطلح موضوعي أو اسم جغرافي كعنصر مدخل Medical technology.
9 (RLIN) 74877
650 #0 - المدخل الاضافى بالموضوع-مصطلح موضوعى
مصطلح موضوعي أو اسم جغرافي كعنصر مدخل Biomedical engineering.
9 (RLIN) 74878
700 1# - المدخل الاضافى - اسم شخصى
الإسم الشخصى Amoore, John N.,
الدور author.
9 (RLIN) 74879
700 1# - المدخل الاضافى - اسم شخصى
الإسم الشخصى Blackett, Paul,
الدور author.
9 (RLIN) 74880
700 1# - المدخل الاضافى - اسم شخصى
الإسم الشخصى McCarthy, Justin
العنوان والكلمات الأخرى المصاحبة للاسم (Clinical engineer),
الدور author.
9 (RLIN) 74881
700 1# - المدخل الاضافى - اسم شخصى
الإسم الشخصى Scott, Richard,
التواريخ المصاحبة للاسم 1962-
الدور author.
9 (RLIN) 74882
906 ## - عنصر بيانات محلى F, LDF (RLIN)
a 7
b cbc
c orignew
d 1
e ecip
f 20
g y-gencatlg
942 ## - عناصر المدخل الإضافي( كوها)
مصدر التصنيف او مخطط الترفيف Dewey Decimal Classification
Koha [default] item type كتاب
المقتنيات
حالة الفقد نموذج السعر الفعال حالة تلف ليس للاعارة رقم الطلب تاريخ الاكتساب الموقع الحالي الباركود الفرع الرئيسي Date last seen نوع المادة فى نظام كوها مصدر التصنيف او خطة الترفيف Total Checkouts
  2019-08-22     610.284 HFH 2019-08-22 المكتبة المركزية بالمجمعة (CL) 00157974 المكتبة المركزية بالمجمعة (CL) 2019-08-22 كتاب Dewey Decimal Classification  
  2019-08-22     610.284 HFH 2019-08-22 المكتبة المركزية بالمجمعة (CL) 00157975 المكتبة المركزية بالمجمعة (CL) 2019-08-22 كتاب Dewey Decimal Classification  
  2019-08-22     610.284 HFH 2019-08-22 المكتبة المركزية بالمجمعة (CL) 00157976 المكتبة المركزية بالمجمعة (CL) 2019-08-22 كتاب Dewey Decimal Classification  
  2019-08-22     610.284 HFH 2019-08-22 مكتبة كلية العلوم الطبية التطبيقية بالمجمعة - طالبات (AMF) 00157977 مكتبة كلية العلوم الطبية التطبيقية بالمجمعة - طالبات (AMF) 2019-08-22 كتاب Dewey Decimal Classification  
  2019-08-22     610.284 HFH 2019-08-22 مكتبة كلية العلوم الطبية التطبيقية بالمجمعة - طالبات (AMF) 00157978 مكتبة كلية العلوم الطبية التطبيقية بالمجمعة - طالبات (AMF) 2019-08-22 كتاب Dewey Decimal Classification